| 000 | 00789nam a22002297a 4500 | ||
|---|---|---|---|
| 999 |
_c13753 _d13753 |
||
| 003 | AR-CdUCM | ||
| 008 | 190416b ||||| |||| 00| 0 spa d | ||
| 040 |
_aMUNICIPALIDAD PROVINCIAL DEL CUSCO _cBIBLIOTECA MUNICIPAL DEL CUSCO |
||
| 082 |
_aES / 373.082 / _bR69 |
||
| 100 |
_aRoa Bastos, Augusto _932288 |
||
| 245 | _aEl trueno entre las hojas / | ||
| 260 |
_aBarcelona : _bBruguera _bLosada, _c1981. |
||
| 300 |
_a252 paginas ; _bilustraciones, _c18 cm. |
||
| 440 |
_aClub Bruguera _n32 _932289 |
||
| 500 | _aLiteratura | ||
| 505 | _aContenido: carpincheros -- el viejo seƱor obispo -- el ojo de la muerte -- mano cruel -- audiencia privada... | ||
| 650 |
_aLiteratura _983 |
||
| 650 |
_aCuento _94671 |
||
| 650 |
_aHistoria _9136 |
||
| 942 |
_2ddc _cLIBROS |
||
| 945 |
_apjha _d2019-04-15 |
||